PR-SOF-1496-Autonomous gripper control using image processing on a UGV manipulator (Record no. 578302)
[ view plain ]
| 000 -LEADER | |
|---|---|
| fixed length control field | 00449nam a22001217a 4500 |
| 082 ## - DEWEY DECIMAL CLASSIFICATION NUMBER | |
| Classification number | 220 PRO |
| 100 ## - MAIN ENTRY--PERSONAL NAME | |
| Personal name | Amber Ilyas Fizza Batool Muneeb Ghani Khattak Danial Rao Atif Aslam |
| 9 (RLIN) | 72135 |
| 245 ## - TITLE STATEMENT | |
| Title | PR-SOF-1496-Autonomous gripper control using image processing on a UGV manipulator |
| 260 ## - PUBLICATION, DISTRIBUTION, ETC. | |
| Place of publication, distribution, etc. | ISLAMABAD |
| Name of publisher, distributor, etc. | NUST COLLEGE OF EME |
| Date of publication, distribution, etc. | 2016 |
| 650 ## - SUBJECT ADDED ENTRY--TOPICAL TERM | |
| Topical term or geographic name entry element | DE-MTS-34 |
| 700 ## - ADDED ENTRY--PERSONAL NAME | |
| Personal name | Dr. Umar Shahbaz Khan Col. Nasir Rashid Lec. Fatma Faruq |
| 9 (RLIN) | 72136 |
| 942 ## - ADDED ENTRY ELEMENTS (KOHA) | |
| Koha item type | Continuing Resources |
| Withdrawn status | Lost status | Damaged status | Not for loan | Permanent Location | Current Location | Date acquired | Total Checkouts | Full call number | Barcode | Date last seen | Price effective from | Koha item type |
|---|---|---|---|---|---|---|---|---|---|---|---|---|
| College of Electrical & Mechanical Engineering (CEME) | College of Electrical & Mechanical Engineering (CEME) | 12/11/2019 | 220 PRO | PR-SOF-1496 | 06/28/2021 | 06/28/2021 | Continuing Resources |
